| Tag |
First Indicator |
Second Indicator |
Subfields |
| LEADER |
00000cam a2200000 a 4500 |
| 001 |
in00001406492 |
| 005 |
20230928225841.3 |
| 008 |
980603s1997 enkab b f000 0 eng d |
| 035 |
|
|
|a (OCoLC)39222109
|
| 035 |
|
|
|9 AHQ3429AM
|
| 040 |
|
|
|a TXA
|c TXA
|d UtOrBLW
|
| 043 |
|
|
|a e-uk---
|
| 049 |
|
|
|a TXAM
|
| 090 |
|
|
|a TA1057.A1
|b T755 no. 276
|
| 100 |
1 |
|
|a Taylor, S. B.
|
| 245 |
1 |
0 |
|a Cycle parking supply and demand /
|c S. Taylor and M. Halliday.
|
| 264 |
|
1 |
|a Crowthorne, Berkshire :
|b Transport Research Laboratory,
|c 1997.
|
| 300 |
|
|
|a iv, 33 pages :
|b illustrations, maps ;
|c 30 cm.
|
| 336 |
|
|
|a text
|b txt
|2 rdacontent
|
| 337 |
|
|
|a unmediated
|b n
|2 rdamedia
|
| 338 |
|
|
|a volume
|b nc
|2 rdacarrier
|
| 490 |
1 |
|
|a TRL report,
|v 276
|
| 500 |
|
|
|a "Prepared for Driver Information and Traffic Management Division, Department of the Environment, Transport and the Regions."
|
| 504 |
|
|
|a Includes bibliographical references (pages 21-22).
|
| 650 |
|
0 |
|a Bicycle parking
|z Great Britain.
|
| 700 |
1 |
|
|a Halliday, M. E.
|
| 710 |
2 |
|
|a Transport Research Laboratory (Great Britain)
|
| 830 |
|
0 |
|a TRL report ;
|v no. 276.
|
| 856 |
4 |
1 |
|z Available freely from Transport Research Laboratory (TRL) publications Repository
|u https://www.trl.co.uk/publications/trl484
|t 0
|
| 948 |
|
|
|a o:jls
|
| 999 |
|
|
|a MARS
|
| 999 |
f |
f |
|s 17ae5e4d-43fa-39f8-81ce-46c3785466a6
|i 1497df09-52e7-3ed8-addb-9897cab47f6f
|t 0
|
| 952 |
f |
f |
|p ric
|a Texas A&M University
|b Rellis Campus
|c Joint Library Facility
|d Remote Storage
|t 0
|e TA1057.A1 T755 no.276
|h Library of Congress classification
|i unmediated -- volume
|m A14822569857
|
| 998 |
f |
f |
|a TA1057.A1 T755 no.276
|t 0
|l Remote Storage
|